[Event "45th Olympiad Budapest 2024"]
[Site "Budapest"]
[Date "2024.09.11"]
[Round "1"]
[Board "1"]
[White "Keinanen, Anastasia"]
[Black "Ruddy, Rachel"]
[Result "1-0"]
[WhiteElo "2212"]
[BlackElo "1662"]
[PlyCount "117"]
[EventDate "2024.09.11"]
[EventType "team-tourn"]
[EventRounds "11"]
[EventCountry "HUN"]
[WhiteTeam "Finland"]
[BlackTeam "Jersey"]
[WhiteTeamCountry "FIN"]

1. d4 Nf6 2. Nf3 g6 3. g3 Bg7 4. Bg2 O-O 5. c4 d6 6. Nc3 Nbd7 7. O-O e5 8. e4 exd4 9. Nxd4 Re8 10. Re1 c6 11. b3 ({RR} 11. Bf4 Ne5 12. b3 Nh5 13. Be3 Ng4 14. Qd2 Nxe3 15. Qxe3 Qa5 16. Qd2 Nf6 17. h3 Bd7 18. Rad1 Rad8 19. Nc2 Qh5 20. g4 Qh4 21. Nd4 Nxg4 22. hxg4 Bxg4 23. Qd3 Bxd1 24. Rxd1 f5 25. Nde2 fxe4 {0-1 Iturrizaga Bonelli,E (2577)-Pichot,A (2647) CrunchLabs Masters PlayIn 2024 (9)}) 11... Ne5 $146 ({RR} 11... d5 12. cxd5 cxd5 13. exd5 Rxe1+ 14. Qxe1 Nxd5 15. Nxd5 Bxd4 16. Ba3 Bc5 17. Bxc5 Nxc5 18. Qc3 Ne6 19. Rd1 Qf8 20. Qf6 Qg7 21. Qe7 Qf8 22. Qh4 Qg7 23. Nf6+ Kh8 24. Ne8 Qf8 25. Qf6+ Kg8 26. Nd6 {1-0 Hirth,M-Kwossek,G Wuerzburg op 8th 1992}) ({RR} 11... Ng4 12. Bb2 Nc5 13. b4 Qf6 14. Nf3 Nxe4 15. Nxe4 Qxb2 16. Rb1 Qxa2 17. Nxd6 Qxf2+ 18. Kh1 Rd8 19. c5 Ne3 20. Rxe3 Qxe3 21. Rb3 Qe7 22. Qd2 Be6 23. Ra3 Bd5 24. Re3 Qc7 25. Qe1 Bf8 26. Ng5 {0-1 Mizzi,J (2043)-Golubev,M (2461) Titled Tue 9th Jan Early 2024 (10)}) ({RR} 11... a5 12. Ba3 Bf8 13. Qd2 Nc5 14. Rad1 Qb6 15. h3 Nfd7 16. Kh2 Ne5 17. f4 Ned3 18. Na4 Qc7 19. Bxc5 Nxc5 20. Nxc5 dxc5 21. Nf3 a4 22. e5 axb3 23. axb3 Qa5 24. Ng5 Qxd2 25. Rxd2 f5 26. h4 {1-0 Lodhi,M (2396)-Ramakrishna,J (2297) Commonwealth-ch 2007 (3)}) ({RR} 11... Qa5 12. Bb2 Ne5 13. h3 Be6 14. f4 Ned7 15. Qd2 Rad8 16. Qf2 Nc5 17. Rad1 Bc8 18. Rd2 d5 19. exd5 cxd5 20. cxd5 Rxe1+ 21. Qxe1 Re8 22. Qf2 Nfe4 23. Qe3 Bd7 24. Rd1 Ng5 25. Qd2 Nxh3+ 26. Kh2 {1-0 Svoboda,M (2187)-Cedikova,K (2214) CZE-chT2A 0910 2009 (6.1)}) 12. h3 Qc7 13. Bb2 h6 14. f4 Ned7 15. Qd2 Nf8 16. Rad1 Ne6 17. Nde2 Rd8 18. f5 Ng5 19. e5 Ne8 20. h4 Nh7 21. fxg6 fxg6 22. Ne4 d5 23. c5 Bxe5 24. Bxe5 Qxe5 25. Qxh6 Bf5 26. Nf2 Qg7 27. Qf4 Nef6 28. Nd4 Bd7 29. Bh3 Bxh3 30. Nxh3 Qd7 31. Ne6 Rdc8 32. Qh6 Qf7 33. Nhg5 Nxg5 34. Nxg5 Qg7 35. Qxg7+ Kxg7 36. Re7+ Kg8 37. Rf1 Re8 38. Rxb7 Ne4 39. Nxe4 dxe4 40. Rf6 e3 41. Rxg6+ Kh8 42. Kf1 Rf8+ 43. Ke2 Rae8 44. Rgg7 Rf2+ 45. Ke1 Rxa2 46. Rh7+ Kg8 47. Rbg7+ Kf8 48. Rxa7 Rxa7 49. Rxa7 Re5 50. b4 Re4 51. Ra3 Rxb4 52. Rxe3 Rc4 53. Re5 Kf7 54. Kf2 Rc3 55. g4 Kf6 56. Rf5+ Ke6 57. h5 Ke7 58. Kg2 Ke6 59. h6 1-0

[Event "45th Olympiad Budapest 2024"]
[Site "Budapest"]
[Date "2024.09.11"]
[Round "1"]
[Board "2"]
[White "Ashbrooke, Monika"]
[Black "Paasikangas, Johanna"]
[Result "0-1"]
[WhiteElo "1650"]
[BlackElo "2058"]
[PlyCount "65"]
[EventDate "2024.09.11"]
[EventType "team-tourn"]
[EventRounds "11"]
[EventCountry "HUN"]
[WhiteTeam "Jersey"]
[BlackTeam "Finland"]
[BlackTeamCountry "FIN"]

1. d4 g6 2. Nf3 Bg7 3. g3 d6 4. c4 Nf6 5. Bg2 O-O 6. O-O Nbd7 7. Nc3 e5 8. dxe5 dxe5 9. Qc2 c6 10. Rd1 Qe7 11. Ng5 Nc5 12. Be3 $146 ({RR} 12. b4 h6 13. bxc5 hxg5 14. a4 Bf5 15. e4 Bg4 16. Re1 Nd7 17. a5 Rfd8 18. Na4 Nf8 19. h3 Be6 20. Rb1 Rac8 21. Be3 Rc7 22. Red1 Rcd7 23. Nb2 Rxd1+ 24. Rxd1 Rxd1+ 25. Qxd1 Nd7 26. Qc1 g4 {½-½ Primavera,G-Wade,R Venice 1950 (2)}) ({RR} 12. b4 Ne6 13. Nxe6 Bxe6 14. c5 Rfd8 15. Bg5 h6 16. Bxf6 Bxf6 17. Ne4 Bf5 18. Nxf6+ Qxf6 19. Qc3 h5 20. e3 Kg7 21. f4 exf4 22. Qxf6+ Kxf6 23. gxf4 a6 24. Kf2 Bg4 25. Rd4 Rxd4 26. exd4 Kf5 {1-0 Curtis,J (2292)-Andrews,T (2149) Titled Tue 5th Sep Late 2023 (7)}) ({RR} 12. b4 Ne6 13. b5 Nd4 14. Qa4 cxb5 15. cxb5 Qc7 16. Bd2 Bg4 17. Rac1 Bxe2 18. Re1 Qc4 19. Qxc4 Bxc4 20. Rxe5 h6 21. Rc5 Bxb5 22. Nf3 Nxf3+ 23. Bxf3 Bc6 24. Bxc6 bxc6 25. Rxc6 Rfd8 26. Bf4 Rd7 {½-½ Udovcic,M-Minev,N Maribor International 1967 (13)}) ({RR} 12. b4 Ne6 13. Nxe6 Bxe6 14. c5 a5 15. b5 Qxc5 16. bxc6 bxc6 17. Be3 Qc4 18. Rdc1 Ng4 19. Qe4 Qxe4 20. Bxe4 Nxe3 21. fxe3 Rac8 22. Na4 Bd5 23. Bxd5 cxd5 24. Nb6 Rcd8 25. Rc5 e4 26. Rd1 d4 {0-1 Kratochvil,L (2150)-Barbero,G (2435) Seefeld op 08th 1997}) 12... Bf5 13. Qc1 Ne6 14. Nf3 Ng4 15. Nh4 Nxe3 16. Qxe3 Bg4 17. h3 Bh5 18. Nf3 Bxf3 19. Bxf3 Qb4 20. Rd2 Qxc4 21. Rad1 Nd4 22. Bg2 Rad8 23. b3 Qe6 24. Ne4 Qe7 25. Ng5 Nf5 26. Qxa7 Rxd2 27. Rxd2 Qxg5 28. Rd7 Qc1+ 29. Kh2 Nd4 30. Rxb7 Nxe2 31. h4 Qg1+ 32. Kh3 Nd4 33. Rc7 0-1

[Event "45th Olympiad Budapest 2024"]
[Site "Budapest"]
[Date "2024.09.11"]
[Round "1"]
[Board "3"]
[White "Puuska, Heini"]
[Black "Forbes, Yasmin"]
[Result "1-0"]
[WhiteElo "1930"]
[BlackElo "1606"]
[PlyCount "69"]
[EventDate "2024.09.11"]
[EventType "team-tourn"]
[EventRounds "11"]
[EventCountry "HUN"]
[WhiteTeam "Finland"]
[BlackTeam "Jersey"]
[WhiteTeamCountry "FIN"]

1. d4 d5 2. Bg5 h6 3. Bh4 c5 4. e3 Nc6 5. Nf3 Bg4 ({RR} 5... g5 6. Bg3 Bg7 7. c3 Qb6 8. Qc1 Bf5 9. Nbd2 Rc8 10. dxc5 Qxc5 11. Be2 Nf6 12. O-O O-O 13. Nd4 Bg6 14. Nxc6 Qxc6 15. Be5 Ne4 16. Bxg7 Kxg7 17. Nxe4 Bxe4 18. Qd2 Qb6 19. a4 a5 20. f3 {1-0 Kramnik,V (2788)-Grachev,B (2640) Moscow Tal Memorial Blitz 2008 (17)}) 6. Be2 ({RR} 6. c3 Qb6 7. Qb3 e6 8. Nbd2 Be7 9. h3 Bxf3 10. Nxf3 Bxh4 11. Nxh4 c4 12. Qc2 Nf6 13. Be2 Qd8 14. Nf3 Ne4 15. Nd2 Nxd2 16. Qxd2 O-O 17. O-O b5 18. f3 Qb6 19. Kh1 b4 20. e4 Rfb8 {1-0 Nadanian,A (2248)-Wisniacki,F (2247) Titled Tue 30th Jul Early 2024 (1)}) 6... g6 $146 ({RR} 6... Qb6 7. b3 Bxf3 8. Bxf3 cxd4 9. Qd2 dxe3 10. fxe3 Qb4 11. Bf2 Qxd2+ 12. Nxd2 e6 13. c4 Nf6 14. Ke2 Be7 15. Rac1 O-O 16. Rhd1 Rfd8 17. cxd5 Nxd5 18. Bxd5 Rxd5 19. Nc4 Rad8 20. e4 Rxd1 21. Rxd1 {0-1 Kaya,E-Sade,D (1926) TUR-ch U13-U18 Girls 2020 (11)}) ({RR} 6... Qb6 7. b3 Bxf3 8. Bxf3 cxd4 9. exd4 Qxd4 10. Nd2 Qxh4 {0-1 Sailer,M (2109)-Dudzinski,P (2186) Titled Tue 28th Feb Late 2023 (4)}) 7. c3 c4 8. O-O Bg7 9. Nbd2 Nf6 10. h3 Bf5 11. Bg3 O-O 12. Ne5 Ne4 13. Nxc6 bxc6 14. Nxe4 Bxe4 15. f3 Bf5 16. e4 dxe4 17. Bxc4 Re8 18. fxe4 Be6 19. Bxe6 fxe6 20. Qg4 Kh7 21. Qxe6 Qc8 22. Qxc8 Raxc8 23. Rad1 Rcd8 24. d5 cxd5 25. Rxd5 Rc8 26. Rd7 a6 27. Rf7 Kg8 28. Rfxe7 Rxe7 29. Rxe7 Rc5 30. Rb7 Rc6 31. Bf2 Be5 32. Rb6 Rc4 33. Rxg6+ Kh7 34. Rxa6 Rxe4 35. Kf1 1-0

[Event "45th Olympiad Budapest 2024"]
[Site "Budapest"]
[Date "2024.09.11"]
[Round "1"]
[Board "1"]
[White "Sosna, Mehari Abraham"]
[Black "Miranda Rodriguez, Tania"]
[Result "0-1"]
[WhiteElo "1541"]
[BlackElo "2090"]
[PlyCount "80"]
[EventDate "2024.09.11"]
[EventType "team-tourn"]
[EventRounds "11"]
[EventCountry "HUN"]
[WhiteTeam "Eritrea"]
[BlackTeam "Mexico"]
[WhiteTeamCountry "ERI"]
[BlackTeamCountry "MEX"]

1. d4 Nf6 2. Nf3 d5 3. c3 c5 4. Bf4 Nc6 5. e3 Qb6 6. Qc2 g6 7. Nbd2 Bg7 8. dxc5 Qxc5 9. Bd3 O-O ({RR} 9... Nh5 10. Bg3 f5 11. Bh4 e5 12. g4 Nf6 13. Bxf6 Bxf6 14. g5 Be7 15. b4 Qd6 16. b5 Nd8 17. Be2 Ne6 18. h4 e4 19. Nd4 Nxd4 20. cxd4 f4 21. Qb3 Be6 22. Rc1 O-O 23. f3 fxe3 24. Qxe3 {0-1 Toffoletto,R (1853)-Tristan,L (2534) VI Villa Constitucion Op 2024 (1.2)}) 10. Nb3 Qb6 11. O-O Nh5 12. Rfe1 $146 ({RR} 12. Bg3 f5 13. Nfd4 e5 14. Nxc6 bxc6 15. c4 Be6 16. c5 Qc7 17. f4 Nxg3 18. hxg3 a5 19. Rab1 Rfb8 20. Rfd1 a4 21. Nc1 Ra5 22. b4 axb3 23. axb3 Qa7 24. b4 Ra4 25. Qd2 exf4 26. gxf4 Bc8 {½-½ Vaino,N (1781)-Skalsky,A (2085) Wch U14 Khanty-Mansiysk 2016 (11)}) ({RR} 12. Bg3 e5 13. Be2 Bf5 14. Qd2 Nxg3 15. hxg3 Rfd8 16. Rad1 a5 17. Qc1 a4 18. Nbd2 Rac8 19. Qa1 h6 20. Nh4 Be6 21. g4 e4 22. g3 Ne5 23. Ng2 Nxg4 24. Ne1 a3 25. bxa3 Nxe3 26. fxe3 Qxe3+ {0-1 Feldmanis,A (1171)-Loukopoulos,P (1984) EU-ch U16 28th 2018 (4)}) 12... e5 13. Bg3 Nxg3 14. hxg3 e4 15. Bxe4 dxe4 16. Qxe4 Bf5 17. Qf4 a5 18. e4 Be6 19. Nbd4 Nxd4 20. Nxd4 Bxd4 21. cxd4 Qxd4 22. b3 a4 23. Red1 Qb6 24. Rd6 Qb4 25. bxa4 Rxa4 26. Rad1 Qxe4 27. Qf6 Qf5 28. Qe7 Rxa2 29. f3 Qc5+ 30. Kh2 Qf2 31. Rg1 Qxf3 32. Rxe6 Qh5+ 33. Qh4 Qxh4+ 34. gxh4 fxe6 35. Kh3 Ra3+ 36. Kh2 Rf4 37. g3 Rf2+ 38. Kh3 Raa2 39. Re1 h5 40. Rh1 Kg7 0-1

[Event "45th Olympiad Budapest 2024"]
[Site "Budapest"]
[Date "2024.09.11"]
[Round "1"]
[Board "2"]
[White "Acham, Meritza"]
[Black "Wafa, Shahenda"]
[Result "0-1"]
[WhiteElo "1667"]
[BlackElo "2102"]
[PlyCount "92"]
[EventDate "2024.09.11"]
[EventType "team-tourn"]
[EventRounds "11"]
[EventCountry "HUN"]
[WhiteTeam "Mauritius"]
[BlackTeam "Egypt"]
[WhiteTeamCountry "MRI"]
[BlackTeamCountry "EGY"]

1. d4 Nf6 2. c4 g6 3. Nc3 Bg7 4. e4 d6 5. Nf3 O-O 6. Be2 c6 7. O-O Nbd7 8. h3 e5 9. Be3 Re8 10. d5 ({RR} 10. Qc2 exd4 11. Bxd4 Nh5 12. Bxg7 Kxg7 13. Rad1 Qf6 14. Rd4 Nf4 15. Rfd1 Ne5 16. Rxd6 Nxf3+ 17. Bxf3 Nxh3+ 18. Kf1 Be6 19. e5 Qf4 20. R6d4 Qh2 21. gxh3 Bxh3+ 22. Ke2 Rxe5+ 23. Ne4 Bf5 24. Qd2 Rae8 {1-0 Korobov,A (2680)-Tissir,M (2380) Wch Rapid Dubai 2014 (10)}) 10... c5 ({RR} 10... cxd5 11. cxd5 Nc5 12. Nd2 a5 13. Rc1 Nfd7 14. Nc4 Qe7 15. f3 f5 16. Nb5 fxe4 17. Ncxd6 exf3 18. Bxf3 e4 19. Bg4 Nd3 20. Nxe8 Nxc1 21. Nxg7 Ne5 22. Qxc1 Bxg4 23. hxg4 Kxg7 24. Bd4 Kg8 25. d6 {1-0 Gunina,V (2435)-Fierro Baquero,M (2254) Swiss Queens Wed #28 2024 (10.35)}) 11. Qd2 a6 12. a4 $146 ({RR} 12. a3 Qb6 13. Qc2 Qd8 14. b4 b6 15. Rfb1 Nh5 16. Qd2 Nf4 17. Bf1 Nf8 18. Rb3 g5 19. g3 Nxh3+ 20. Bxh3 Bxh3 21. Bxg5 Qd7 22. bxc5 bxc5 23. Rab1 Ra7 24. Rb6 f6 25. Bh6 Re7 26. Nh4 Ng6 {1-0 Koseski,D (1652)-Kedzierski,M (1437) POL-chT U19 2nd League 2015 (1.68)}) ({RR} 12. Nh2 Rb8 13. g4 Rf8 14. Bg5 Qc7 15. Kh1 b5 16. cxb5 c4 17. bxa6 Bxa6 18. f3 Nc5 19. Be3 Rb4 20. Bxc5 Qxc5 21. b3 Qd4 22. Rad1 Ra8 23. Bxc4 Bxc4 24. bxc4 Qxc4 25. Rb1 Rc8 26. Rbc1 Qa6 {0-1 Hein,M (1983)-Kirbach,T (1929) Mittelfranken-chTB1 0910 2009 (4.7)}) ({RR} 12. Bh6 Qe7 13. Bxg7 Kxg7 14. Rab1 Nh5 15. Rfe1 Nf4 16. Bf1 Nf8 17. b4 cxb4 18. Rxb4 f5 19. exf5 Bxf5 20. c5 dxc5 21. Rxf4 {1-0 Zuniga,I-Walsh,T Lindsborg Rotary op 2002 (8)}) 12... Nf8 13. Rfb1 N6d7 14. Qc2 h6 15. b4 b6 16. bxc5 Nxc5 17. Bxc5 bxc5 18. Ra2 f5 19. Rab2 Qf6 20. Rb6 Nd7 21. Rc6 Bf8 22. Bd3 f4 23. Nh2 h5 24. Be2 Ra7 25. Qd1 Qd8 26. g3 fxg3 27. fxg3 Qg5 28. Kg2 Qd8 29. Qd2 Nf6 30. Qg5 Rg7 31. Nf3 Be7 32. Qh6 Qd7 33. Ng5 Bf8 34. Rxc8 Qxc8 35. Ne6 Rxe6 36. dxe6 Qxe6 37. Rf1 Be7 38. Qc1 g5 39. Rf5 Nxe4 40. Nxe4 Qxf5 41. Bd3 g4 42. hxg4 Qxg4 43. Qe3 h4 44. Kh2 hxg3+ 45. Qxg3 Qd1 46. Qh3 Qg1# 0-1

[Event "45th Olympiad Budapest 2024"]
[Site "Budapest"]
[Date "2024.09.11"]
[Round "1"]
[Board "4"]
[White "Beekhy, Aamirah"]
[Black "Allam, Yara"]
[Result "0-1"]
[WhiteElo "1600"]
[BlackElo "1920"]
[PlyCount "88"]
[EventDate "2024.09.11"]
[EventType "team-tourn"]
[EventRounds "11"]
[EventCountry "HUN"]
[WhiteTeam "Mauritius"]
[BlackTeam "Egypt"]
[WhiteTeamCountry "MRI"]
[BlackTeamCountry "EGY"]

1. d4 d5 2. Bf4 Nf6 3. e3 c5 4. Nf3 Nc6 5. Be2 Bf5 ({RR} 5... e6 6. O-O a6 7. a3 b5 8. Nbd2 Bb7 9. Ne5 Nxe5 10. Bxe5 Nd7 11. Bg3 Qb6 12. c3 Bd6 13. Bf3 Bxg3 14. hxg3 O-O 15. Qb1 a5 16. b4 c4 17. Bd1 axb4 18. Qxb4 Qa5 19. Bc2 Ra7 20. Qxa5 {½-½ Malakhov,V (2690)-Volkov,S (2648) FIDE World Cup 2007 (2.2)}) 6. c3 Qb6 7. Na3 $146 ({RR} 7. Qb3 c4 8. Qxb6 axb6 9. Nbd2 b5 10. Nh4 Bd7 11. h3 h6 12. Nhf3 Bf5 13. O-O e6 14. a3 Nd7 15. Rfe1 Nb6 16. Bd1 b4 17. Bc7 bxc3 18. bxc3 Na4 19. Bxa4 Rxa4 20. e4 dxe4 21. Nxe4 Kd7 {0-1 Li Ying,P (2131)-Masrahi,A (1900) Olympiad-42 Baku 2016 (7.2)}) ({RR} 7. Qb3 c4 8. Qxb6 axb6 9. Nbd2 b5 10. Ne5 Nxe5 11. Bxe5 e6 12. O-O b4 13. Bxf6 gxf6 14. e4 Bg6 15. exd5 exd5 16. Bf3 bxc3 17. bxc3 Ra5 18. Rfe1+ Kd7 19. a4 Bh6 20. Nf1 Rha8 21. Ne3 Kd6 {0-1 Moyses Sobrinho,E (1880)-Calcado,A (2118) VII SESC Caioba Open 2023 (6.29)}) ({RR} 7. Qb3 c4 8. Qxb6 axb6 9. Nbd2 b5 10. O-O e6 11. Ne5 b4 12. Nxc6 bxc6 13. cxb4 Bxb4 14. Nf3 O-O 15. Ne5 Rfc8 16. Bg5 Ne4 17. Bf4 c5 18. dxc5 Bxc5 19. Nd7 Ra6 20. f3 Nf6 21. Nxc5 Rxc5 {0-1 Ndunakazi,N-Mejia,C (1942) Djerba Online (Women) blitz 2020 (7)}) ({RR} 7. Qb3 c4 8. Qxb6 axb6 9. O-O b5 10. Nbd2 b4 11. Nh4 e6 12. Nxf5 exf5 13. f3 b5 14. Bg5 Be7 15. Bxf6 Bxf6 16. f4 Kd7 17. Nf3 bxc3 18. bxc3 Ra3 19. Rfc1 Rha8 20. Rc2 b4 21. cxb4 Rxe3 {0-1 Marjanov,Z (2280)-Djukic,Z (2370) Nis op 1993}) 7... c4 8. Qc1 e6 9. Nb1 h6 10. h3 Be7 11. Nbd2 Qa5 12. O-O b5 13. a3 O-O 14. Bd1 Nh5 15. Bh2 Bh7 16. Bc2 f5 17. g4 Nf6 18. g5 hxg5 19. Nxg5 Nd8 20. Nxh7 Nxh7 21. Kh1 Rf6 22. f4 Rh6 23. Rf3 Nc6 24. Qg1 Kf7 25. Qg2 Rg8 26. Rg1 g6 27. Bd1 Qd8 28. Rg3 Bh4 29. Rf3 a5 30. Bg3 Be7 31. Bh2 b4 32. axb4 axb4 33. Rg3 Bh4 34. Rf3 Qa5 35. Bg3 Bxg3 36. Rxg3 bxc3 37. bxc3 Qxc3 38. Nf3 Qb4 39. Ng5+ Nxg5 40. Rxg5 Ne7 41. Qh2 Ra8 42. Qg3 Rah8 43. Kh2 Qd2+ 44. Qg2 Rxh3# 0-1

[Event "45th Olympiad Budapest 2024"]
[Site "Budapest"]
[Date "2024.09.11"]
[Round "1"]
[Board "1"]
[White "Nomcebo, Sibisi"]
[Black "Wagener, Anna"]
[Result "0-1"]
[WhiteElo "1570"]
[BlackElo "2251"]
[PlyCount "86"]
[EventDate "2024.09.11"]
[EventType "team-tourn"]
[EventRounds "11"]
[EventCountry "HUN"]
[WhiteTeam "Eswatini"]
[BlackTeam "Luxembourg"]
[BlackTeamCountry "LUX"]

1. d4 f5 2. c4 Nf6 3. Nf3 g6 4. g3 Bg7 5. Bg2 O-O 6. O-O d6 7. Nc3 c6 8. Bg5 h6 9. Bxf6 Bxf6 10. e4 fxe4 ({RR} 10... e5 11. Qd2 Kh7 12. Rfe1 Qc7 13. d5 c5 14. Qd3 Na6 15. a3 Qg7 16. Rab1 Bd7 17. b4 Rf7 18. h3 Raf8 19. Nh2 Bd8 20. Rb2 Bb6 21. b5 Nc7 22. Rf1 Ne8 23. Re2 Kh8 24. f3 Ba5 25. Nd1 {0-1 Besou,H (2280)-Reinderman,D (2580) 59th Groningen Open 2023 (1.2)}) ({RR} 10... e5 11. dxe5 dxe5 12. Qe2 Qc7 13. Rfe1 Re8 14. exf5 gxf5 15. Nh4 Bxh4 16. gxh4 Na6 17. Qh5 Qf7 18. Qxh6 Qg7 19. Qxg7+ Kxg7 20. Re2 Kf6 21. a3 Be6 22. b3 Nc5 23. Rb1 Rad8 24. h5 Nd3 25. Kh1 {0-1 Ram,J (1817)-Karimova,G (2070) Titled Tue 21st May Early 2024 (11)}) 11. Nxe4 Bg7 12. Rc1 $146 ({RR} 12. h3 Nd7 13. Qe2 Rf7 14. Rad1 Nf8 15. b4 Bd7 16. d5 cxd5 17. Rxd5 Qc8 18. c5 Be6 19. Rdd1 dxc5 20. Nxc5 Bxh3 21. Ne5 Bxg2 22. Kxg2 Bxe5 23. Qxe5 Qc6+ 24. f3 b6 25. Ne4 Qc4 26. Rh1 Qe2+ {0-1 Franca,F (1770)-Macedo,M (1984) Joao Pessoa Fischer Memorial 10th 2019 (4)}) 12... Qe8 13. Re1 Qf7 14. b3 Na6 15. d5 c5 16. h3 Bd7 17. a3 Bb2 18. Rc2 Bxa3 19. Rce2 Rae8 20. Ned2 Bb2 21. Qb1 Bf6 22. Nf1 Nb4 23. Ne3 b5 24. Nh2 bxc4 25. bxc4 Bc3 26. Rf1 a5 27. Nhg4 Kh7 28. h4 Bxg4 29. Nxg4 Qf5 30. Re4 h5 31. Ne3 Qf6 32. Re6 Qg7 33. Be4 Rf6 34. Qd1 Rxe6 35. dxe6 Qe5 36. Qa4 Rf8 37. Bd5 Bd4 38. Qd7 Nxd5 39. Nxd5 Qxg3+ 40. Kh1 Qxh4+ 41. Kg1 Bxf2+ 42. Kg2 Qg3+ 43. Kh1 Qh3# 0-1

[Event "45th Olympiad Budapest 2024"]
[Site "Budapest"]
[Date "2024.09.11"]
[Round "1"]
[Board "2"]
[White "Steil-Antoni, Fiona"]
[Black "Nkwanyane, Nolwazi"]
[Result "1-0"]
[WhiteElo "2085"]
[BlackElo "1542"]
[PlyCount "35"]
[EventDate "2024.09.11"]
[EventType "team-tourn"]
[EventRounds "11"]
[EventCountry "HUN"]
[WhiteTeam "Luxembourg"]
[BlackTeam "Eswatini"]
[WhiteTeamCountry "LUX"]

1. e4 d5 2. exd5 Qxd5 3. Nc3 Qd8 4. Nf3 Nf6 5. Bc4 e6 6. O-O Bc5 ({RR} 6... Be7 7. d4 {½-½ Pitl,G (2380)-Heinzel,O (2384) AUT-chT2W 0607 2006 (2)}) ({RR} 6... Be7 7. d4 c6 8. Bf4 O-O 9. h3 Nbd7 10. Qe2 Nb6 11. Bb3 Re8 12. Rad1 Bd6 13. Bg5 Nbd7 14. Ne5 Qc7 15. f4 Nd5 16. Nxd5 exd5 17. Qf3 f6 18. Bxd5+ Kf8 19. Qh5 Nxe5 20. fxe5 Bxe5 21. dxe5 {1-0 Szydelko,M (1659)-Wolska,M (1553) POL-chT3 Dolnoslaskie 1617 2016 (8.23)}) 7. d4 Be7 $146 ({RR} 7... Bb4 8. Bg5 O-O 9. Ne4 Be7 10. Ng3 Nc6 11. c3 Na5 12. Bd3 c5 13. dxc5 Bxc5 14. b4 Bd6 15. bxa5 Qxa5 16. Bxf6 gxf6 17. Qc2 Kg7 18. Rad1 f5 19. Bxf5 exf5 20. Rxd6 Qa3 21. Nh5+ Kh8 22. Rh6 {1-0 Ziabari,M (2042)-Raupach,B (1116) Troisdorf op 2003 (1)}) ({RR} 7... Bb6 8. Bg5 h6 9. Bh4 g5 10. Nxg5 hxg5 11. Bxg5 Qxd4 12. Qf3 Ng4 13. Qe2 Nxf2 14. Rxf2 Qxf2+ 15. Qxf2 Bxf2+ 16. Kxf2 c6 17. Rd1 Nd7 18. h4 f6 19. Be3 Ne5 20. Bb3 Ng4+ 21. Kf3 Nxe3 22. Kxe3 {0-1 Duhme,A-Stolzenwald,F (1603) Hamburg League qual 2004 (6)}) 8. Re1 c6 9. a4 Qc7 10. h3 h6 11. Be3 O-O 12. Qd2 Bb4 13. Bxh6 Bxc3 14. Qg5 Ne8 15. bxc3 Kh8 16. Bxg7+ Nxg7 17. Qh6+ Kg8 18. Ng5 1-0

[Event "45th Olympiad Budapest 2024"]
[Site "Budapest"]
[Date "2024.09.11"]
[Round "1"]
[Board "3"]
[White "Dlamini, Sincobile"]
[Black "Bakalarz, Grazyna"]
[Result "0-1"]
[WhiteElo "1572"]
[BlackElo "1928"]
[PlyCount "80"]
[EventDate "2024.09.11"]
[EventType "team-tourn"]
[EventRounds "11"]
[EventCountry "HUN"]
[WhiteTeam "Eswatini"]
[BlackTeam "Luxembourg"]
[BlackTeamCountry "LUX"]

1. d4 Nf6 2. c4 g6 3. Nc3 d5 4. cxd5 Nxd5 5. e4 Nxc3 6. bxc3 Bg7 7. Nf3 c5 8. Bb5+ Bd7 9. Bxd7+ Nxd7 10. O-O O-O 11. Be3 ({RR} 11. Qe2 e6 12. Rb1 Qc7 13. Bg5 Rac8 14. Rfd1 Rfe8 15. Qb5 b6 16. a4 Nf6 17. Bxf6 Bxf6 18. d5 exd5 19. exd5 Qd6 20. c4 Re4 21. Re1 Rce8 22. g3 Bc3 23. Qxe8+ Rxe8 24. Rxe8+ Kg7 25. Kg2 Qd7 {1-0 Cmilyte,V (2514)-Lagno,K (2543) Beijing Sportaccord Basque (Women) rapid 2013 (1.2)}) 11... Qa5 12. Qb3 b6 13. Rab1 $146 ({RR} 13. h3 Rac8 14. Rac1 Qa6 15. Rfd1 Nf6 16. Nd2 Rfd8 17. d5 c4 18. Qc2 e6 19. dxe6 fxe6 20. Bd4 Qb7 21. Re1 Nh5 22. Nf3 Nf4 23. Bxg7 Qxg7 24. Red1 Rd3 25. Ne1 Rxc3 26. Qd2 Rf8 27. Kh2 Rxc1 {0-1 Egede Nissen,B-Hjelmaas,L (2300) NOR-chT east 1992 (1)}) ({RR} 13. Rfd1 Rac8 14. Rac1 e6 15. h3 Rfd8 16. Bg5 Re8 17. h4 h6 18. Bf4 cxd4 19. cxd4 h5 20. a4 e5 21. Ng5 Rxc1 22. Qxf7+ {1-0 Bluebaum,M (2640)-Tifferet,S (2305) Titled Tue 20th Aug Late 2024 (4)}) ({RR} 13. Rac1 Rac8 14. e5 c4 15. Qc2 Qd5 16. Qd2 b5 17. Bh6 Rfd8 18. Bxg7 Kxg7 19. Qg5 Qe6 20. h4 Nb6 21. Rfe1 Nd5 22. h5 h6 23. Qg3 Kh7 24. hxg6+ Qxg6 25. Qxg6+ fxg6 26. Re4 e6 27. Re2 Rc6 {0-1 Jakubco,L (1842)-Holecko,R (2291) SVK-chT2D 0607 2006 (5.4)}) ({RR} 13. e5 e6 14. Nd2 b5 15. f4 cxd4 16. cxd4 Nb6 17. Ne4 Nd5 18. Bd2 Qb6 19. Nc5 a5 20. Kh1 Rfd8 21. Rab1 Rab8 22. Be3 b4 23. Bg1 Bh6 24. Ne4 Bg7 25. h4 h5 26. Kh2 Qa6 27. Nc5 Qb5 {0-1 Ilic,B-Lazic,M SRB-chT3 North 2007 (4)}) 13... Rac8 14. c4 cxd4 15. Bxd4 Bxd4 16. Nxd4 Nc5 17. Qc2 Rfd8 18. Rb5 Qa3 19. Nb3 Qa4 20. Rc1 Nd3 21. Nd2 Nc5 22. Qxa4 Nxa4 23. Rd5 e6 24. Rxd8+ Rxd8 25. Rc2 Rd3 26. f3 Kf8 27. Kf2 Ke7 28. Ke2 Rc3 29. Kd1 Kd6 30. Nb3 Rxc4 31. Rd2+ Kc7 32. Ke2 b5 33. Na5 Rc3 34. Rd3 Rc2+ 35. Rd2 Nc3+ 36. Kd3 Rxd2+ 37. Kxd2 Nxa2 38. Kd3 Nb4+ 39. Kd4 Nc6+ 40. Nxc6 Kxc6 0-1

[Event "45th Olympiad Budapest 2024"]
[Site "Budapest"]
[Date "2024.09.11"]
[Round "1"]
[Board "1"]
[White "Callender, Jessica"]
[Black "De Blecourt, Sandra"]
[Result "0-1"]
[WhiteElo "1579"]
[BlackElo "2065"]
[PlyCount "74"]
[EventDate "2024.09.11"]
[EventType "team-tourn"]
[EventRounds "11"]
[EventCountry "HUN"]
[WhiteTeam "Guyana"]
[BlackTeam "Denmark"]
[WhiteTeamCountry "GUY"]
[BlackTeamCountry "DEN"]

1. Nf3 c5 2. g3 Nc6 3. Bg2 d5 4. d3 e5 5. O-O Bd6 6. Nbd2 Nge7 7. e4 d4 8. a4 ({RR} 8. Nc4 Bc7 9. a4 a6 10. h3 Be6 11. Ng5 Bxc4 12. dxc4 h6 13. Nf3 O-O 14. Nh4 f5 15. exf5 Nxf5 16. Nxf5 Rxf5 17. Qg4 Rf6 18. Bd5+ Kh8 19. Bd2 Rb8 20. Rae1 Ne7 21. Be4 Qc8 22. Qh5 Qe8 {0-1 Dmytriv,R (1844)-Bondarenko,S (1633) 150 yrs Ivan Bobersky blitz 2023 (12.4)}) 8... O-O 9. Nc4 Bc7 10. Bd2 $146 ({RR} 10. Nfd2 f6 11. f4 Be6 12. f5 Bf7 13. g4 Nc8 14. Rf2 Nd6 15. Nxd6 Qxd6 16. Bf1 a6 17. Rg2 Bd8 {½-½ Lazov,S (1828)-Orev,P (2152) Blagoevgrad op 2013 (3)}) ({RR} 10. Nh4 Be6 11. b3 a6 12. h3 Qd7 13. Kh2 b5 14. Nd2 Rab8 15. Ndf3 f6 16. Ng1 g5 17. Nf5 Nxf5 18. exf5 Bxf5 19. axb5 axb5 20. Nf3 Bg6 21. Re1 Bd6 22. Nd2 f5 23. Bd5+ Kh8 24. Bxc6 Qxc6 {0-1 Fataliyeva,U (2377)-Mammadova,G (2386) AZE-ch (Women) 2020 (6)}) ({RR} 10. Nh4 Be6 11. g4 Ng6 12. Nxg6 fxg6 13. Nd2 Qd7 14. h3 h5 15. f3 Rf7 16. Nb3 b6 17. Bd2 a5 18. Nc1 Raf8 19. Ne2 Qe7 20. Qe1 h4 21. g5 Nb4 22. Rc1 Na2 23. Rb1 Nb4 24. Rc1 Na2 {½-½ Koenig,F (2012)-Viehweger,M Berlin Unicorn op 2005 (5)}) 10... Bg4 11. Qc1 Qd7 12. Ne1 Be2 13. h4 f5 14. Bh3 Qe8 15. Ng2 fxe4 16. Re1 exd3 17. Be6+ Kh8 18. cxd3 Bxd3 19. Bg5 Bf5 20. Bxe7 Qxe7 21. Bxf5 Rxf5 22. Qd2 Raf8 23. Re2 e4 24. Rae1 Qf7 25. Kh2 Qxc4 26. Rxe4 Ne5 27. Qe2 Qxe2 28. R1xe2 d3 29. Rxe5 Bxe5 30. Rd2 Rxf2 31. Rxd3 Rxb2 32. Kh3 Kg8 33. Ne3 Rf3 34. Kg4 Rxg3+ 35. Kf5 Bd4 36. Ke4 Re2 37. Kf4 Rgxe3 0-1